| 000 | 00510nam a2200193Ia 4500 | ||
|---|---|---|---|
| 008 | 131103s9999 xx 000 0 und d | ||
| 020 | _cRs.3.00 | ||
| 040 | _aLoreto College | ||
| 041 | _aEnglish | ||
| 082 |
_a915/SOC _bLCBED/3961 |
||
| 100 | _aMukerji, K. | ||
| 245 |
_aSocial studies _b our state and country _cK. Mukerji |
||
| 260 |
_aNew Delhi _bChildren book _c1969 |
||
| 300 |
_a86p. _b ill. _c 22 cm. |
||
| 650 | _aGeography | ||
| 651 | _aSocial Studies | ||
| 850 | _aLCBED/915/SOC | ||
| 942 | _cBK | ||
| 999 |
_c29288 _d79767 |
||